Novela zákona o verejnom obstarávaní

Novelizáciou zákona sa zabezpečí vytvorenie verejného registra konečných užívateľov výhod subjektov, ktoré získavajú zákazky z verejného obstarávania, a to s cieľom dosiahnúť efektívnejšie a transparentné nakladanie s verejnými prostriedkami pri perejnom obstarávaní.

Na minha lista:
Detalhes bibliográficos
Autor principal: Matulková, Mariana
Formato: Capítulo de Livro
Idioma:eslovaco
Assuntos:
Tags: Adicionar Tag
Sem tags, seja o primeiro a adicionar uma tag!

MARC

LEADER 00000naa a2200000 4500
001 0208677
005 20231120130659.2
041 0 |a slo 
044 |a SK 
245 1 0 |a Novela zákona o verejnom obstarávaní  |c Mariana Matulková 
520 |a Novelizáciou zákona sa zabezpečí vytvorenie verejného registra konečných užívateľov výhod subjektov, ktoré získavajú zákazky z verejného obstarávania, a to s cieľom dosiahnúť efektívnejšie a transparentné nakladanie s verejnými prostriedkami pri perejnom obstarávaní. 
610 2 0 |a zákony 
610 2 0 |a Slovensko 
610 2 0 |a novelizácia 
610 2 0 |a obstarávanie verejné 
100 1 |a Matulková, Mariana